banner-ar

ACTION AGAINST CHILD LABOUR / (Record no. 5759)

MARC details
000 -الفاتح
حقل البيانات ثابتة الطول 00589nam a2200217Ia 4500
008 - عناصر البيانات ثابتة الطول - معلومات عامة
حقل البيانات ثابتة الطول 140319s9999 xx 000 0 eng d
020 ## - الرقم الدولى المعيارى للكتب
الرقم الدولى المعيارى للكتاب 9221108686
040 ## - مصدر الفهرسة
وكالة الفهرسة الأصلية GCL /
وكالة النسخ GCL
082 04 - رقم تصنيف ديوى العشرى
رقم التصنيف 331.31
رقم المادة H A
100 1# - المدخل الرئيسى - إسم شخصى
الإسم الشخصى HASPELS, NELIEN
245 10 - بيان العنوان
العنوان ACTION AGAINST CHILD LABOUR /
بيان المسئوليه,etc HASPELS, NELIEN
700 1# - المدخل الاضافى - اسم شخصى
الإسم الشخصى JANKANSIH, MICHELE
260 ## - PUBLICATION, DISTRIBUTION, ETC. (IMPRINT)
تاريخ النشر أو التوزيع 2000
300 ## - الوصف المادى
التعداد 32 CM ؛
أبعاد الوعاء 329 P
650 04 - المدخل الاضافى بالموضوع-مصطلح موضوعى
مصطلح موضوعي GOVERNMENT POLICY
650 04 - المدخل الاضافى بالموضوع-مصطلح موضوعى
مصطلح موضوعي CHILDREN
650 04 - المدخل الاضافى بالموضوع-مصطلح موضوعى
مصطلح موضوعي CHILD LABOUR
650 04 - المدخل الاضافى بالموضوع-مصطلح موضوعى
مصطلح موضوعي DEVELOPING COUNTRIES
942 ## - عناصر المدخل الإضافي( كوها)
مصدر التصنيف او مخطط الترفيف Dewey Decimal Classification
Koha [default] item type كتاب
260 ## - PUBLICATION, DISTRIBUTION, ETC. (IMPRINT)
-- سويسرا :
-- INTERNATIONAL LABOUR OFFICE ،
Holdings
حالة التراجع حالة الفقد حالة تلف ليس للاعارة المكان المؤقت الموقع الحالى تاريخ الاكتساب اجمالي اﻻعارات رقم الطلب الباركود تاريخ اخر مشاهدة تاريخ تفعيل السعر نوع وعاء كوها
        مكتبة القاهرة الكبرى مكتبة القاهرة الكبرى 03/26/2014   331.31\H A 12193 03/26/2014 03/26/2014 كتاب

Powered By

EGPV